Diseño de una grua rotatoria para la movilización de láminas de acero
Guardado en:
| Autor principal: | |
|---|---|
| Otros Autores: | |
| Formato: | Libro |
| Publicado: |
San José, Costa Rica
1992
|
| Materias: | |
| Etiquetas: |
Agregar Etiqueta
Sin Etiquetas, Sea el primero en etiquetar este registro!
|
MARC
| LEADER | 00000nam a2200000Ia 4500 | ||
|---|---|---|---|
| 003 | 005522 | ||
| 005 | 20221231144321.0 | ||
| 008 | 140114s1992 cr a m 000 ||s d | ||
| 040 | |c cru CEDI | ||
| 090 | |a TFG 2651 | ||
| 100 | |a Montoya Chaverri, Jaime |9 12334 | ||
| 245 | |a Diseño de una grua rotatoria para la movilización de láminas de acero | ||
| 260 | |c 1992 |a San José, Costa Rica | ||
| 300 | |a xxx, 455 hojas : ilustraciones ; 27 cm. | ||
| 500 | |a Tesis (licenciatura en ingenieria mecánica)--Universidad de Costa Rica. Facultad de Ingeniería. Escuela de Ingenieria Mecánica, | ||
| 650 | |x DISEÑO DE MAQUINAS |x GRUAS |x DISEÑO |9 12336 | ||
| 700 | |9 12335 |a Zúñiga Vargas, Ricardo | ||
| 942 | |c TFG | ||
| 999 | |c 20050 |d 20050 | ||
